MARC

LEADER 00000nam0a2200000 4500
001 57904
005 20231031054549.0
035 |a (RuTPU)RU\TPU\book\61129 
090 |a 57904 
100 |a 20031119d1984 m y0rusy50 ca 
101 0 |a rus 
102 |a RU 
105 |a a j 001zy 
200 1 |a Радиоприемные устройства  |e учебное пособие  |f В. В. Палшков 
210 |a Москва  |c Радио и связь  |d 1984 
215 |a 392 с.  |c ил. 
320 |a Библиогр.: с. 387-389. 
610 1 |a радиотехника 
610 1 |a радиоприемники 
610 1 |a радиоприемная аппаратура 
610 1 |a резонансные усилители 
610 1 |a входные цепи 
610 1 |a преобразователи 
610 1 |a преобразователи частоты 
610 1 |a детекторы 
610 1 |a радиопомехи 
610 1 |a сигналы 
610 1 |a прием 
610 1 |a радиовещательные приемники 
610 1 |a учебные пособия 
675 |a 621.396.62(075.8)  |v 3 
700 1 |a Палшков  |b В. В.  |g Виталий Владимирович 
801 1 |a RU  |b 63413507  |c 20031119  |g PSBO 
801 2 |a RU  |b 63413507  |c 20220113  |g PSBO 
942 |c BK